|
|
|
|
| LEADER |
00930nam a2200337 4500 |
| 001 |
DLU110124894 |
| 005 |
##20110913 |
| 040 |
# |
# |
|a DLU
|b vie
|
| 041 |
# |
# |
|a vie
|
| 044 |
# |
# |
|a vn
|
| 082 |
# |
# |
|a 658
|b MO-R
|
| 100 |
# |
# |
|a Moyson, Roger.
|
| 245 |
# |
# |
|a Lãnh đạo là phát triển tiềm năng của người cộng tác /
|c Roger Moyson; Phạm Đình Thái dịch; Nguyễn Thị Oanh hiệu đính.
|
| 260 |
# |
# |
|a TP. HCM :
|b Trẻ,
|c 2000.
|
| 300 |
# |
# |
|a 174 tr. ;
|c 24 cm.
|
| 504 |
# |
# |
|a Tài liệu tham khảo: tr.171.
|
| 650 |
# |
# |
|a Lãnh đạo.
|
| 650 |
# |
# |
|a Quản lý nhân sự.
|
| 700 |
# |
# |
|a Nguyễn Thị Oanh,
|e hiệu đính.
|
| 700 |
# |
# |
|a Phạm Đình Thái,
|e dịch.
|
| 923 |
# |
# |
|a 01/2011CP
|
| 991 |
# |
# |
|a GT
|
| 992 |
# |
# |
|a 0
|
| 994 |
# |
# |
|a KCP
|
| 900 |
# |
# |
|a True
|
| 911 |
# |
# |
|a Đào Thị Thu Huyền
|
| 925 |
# |
# |
|a G
|
| 926 |
# |
# |
|a A
|
| 927 |
# |
# |
|a SH
|
| 980 |
# |
# |
|a Thư viện Trường Đại học Đà Lạt
|